El señor invierno /

Guardado en:
Autor Principal: Gómez Laborde, Tabaré
Otros Autores: Sanyú; adap.
Formato: Libro
Publicado: Buenos Aires : Colihue, 2013
Series:Historias de Bicherío
Materias:
Etiquetas: Agregar Etiqueta
Sin Etiquetas, Sea el primero en etiquetar este registro!
LEADER 00768nam a22002535a 4500
001 CEM.cems015534
005 20191211182410.0
008 130507s2013##################000#0#####d
003 CEMS
020 |a 9789876849005 
082 0 4 |a A867.4 
100 1 |a Gómez Laborde, Tabaré 
245 1 0 |a El señor invierno /  |c Tabaré Gómez Laborde ; adaptado Por Sanyú 
260 |a Buenos Aires :  |b Colihue,  |c 2013 
300 |a 16 p. 
490 0 |a Historias de Bicherío 
653 |a Literatura 
653 |a Literatura argentina 
653 |a Literatura infantil 
653 |a Cuentos infantiles 
653 |a Colección ciencias de la educación 
653 |a Historieta 
700 1 |a Sanyú; adap. 
859 |a CEMS  |b BIB. CEMS - Ccias. Educacion  |h A867.4  |i G586-5  |k CE  |p 28966.19  |t Ej.1